[Event "Titled Tue 17th Jun Late"]
[Site "chess.com INT"]
[Date "2025.06.17"]
[Round "5"]
[White "Beyer, Lorenz"]
[Black "Zhang, Derek"]
[Result "1-0"]
[WhiteTitle "CM"]
[BlackTitle "CM"]
[WhiteElo "2226"]
[BlackElo "2162"]
[WhiteFideId "16245393"]
[BlackFideId "2087871"]
[EventDate "2025.06.17"]

1. d4 d6 2. Bf4 Nd7 3. Nf3 g6 4. h3 Bg7 5. e3 e5 6. Bh2 Qe7 7. Be2 Ngf6 8. O-O
O-O 9. c3 Re8 10. a4 h6 11. Na3 a6 12. Rc1 Nh7 13. b4 f5 14. Bc4+ Kh8 15. Bb3 g5
16. c4 f4 17. dxe5 dxe5 18. exf4 exf4 19. Re1 Qf8 20. Rxe8 Qxe8 21. Qd3 Ndf6 22.
Re1 Qf8 23. c5 Bd7 24. Nc4 Re8 25. Nce5 Rxe5 26. Nxe5 Be8 27. Ng6+ Bxg6 28. Qxg6
Qd8 29. Rd1 Qe7 30. g3 f3 31. g4 Nf8 32. Qf7 Qe2 33. Bg3 Qe8 34. Qxe8 Nxe8 35.
Rd8 Nf6 36. Bxc7 Kh7 37. Bc2+ Kg8 38. Bd6 Kf7 39. Bb3+ Ne6 40. Rb8 Ne4 41. Rxb7+
Kf6 42. Bxe6 Kxe6 43. Rxg7 Nc3 44. Rh7 Nxa4 45. Rxh6+ Kd5 46. Rh5 Nc3 47. Rxg5+
Ke4 48. Re5+ Kd4 49. Re3 Ne2+ 50. Kh2 1-0

[Event "Titled Tue 17th Jun Late"]
[Site "chess.com INT"]
[Date "2025.06.17"]
[Round "5"]
[White "Kodihalli, Kaustubh"]
[Black "Nakara Husain"]
[Result "1-0"]
[WhiteElo "2038"]
[BlackElo "1713"]
[WhiteFideId "30956455"]
[BlackFideId "25636111"]
[EventDate "2025.06.17"]

1. e4 e5 2. Nf3 Nc6 3. Bc4 Bc5 4. d3 d6 5. O-O Nf6 6. a4 O-O 7. a5 a6 8. c3 Bg4
9. Nbd2 Re8 10. h3 Bh5 11. Re1 Ba7 12. Nf1 d5 13. exd5 Nxd5 14. Ng3 Bg6 15. Bg5
Qd6 16. Nh4 h6 17. Qf3 e4 18. Nxe4 Bxe4 19. Rxe4 Ne5 20. Rxe5 Rxe5 21. Bd2 c6
22. d4 Re6 23. Nf5 Qd7 24. Qg4 f6 25. Nxg7 Qxg7 26. Qxe6+ Qf7 27. Qxf7+ Kxf7 28.
Bxh6 Re8 29. Bd2 Bb8 30. Re1 Rd8 31. g3 Kg6 32. Kg2 Bd6 33. h4 Rg8 34. Re6 Rd8
35. Bxd5 cxd5 36. Bg5 Bc7 37. Rxf6+ Kg7 38. Rf5 Rc8 39. Rxd5 Re8 40. Rd7+ Kg6
41. Rxc7 Kh5 42. Rxb7 Re6 43. Kh3 Rc6 44. Rh7+ Kg6 45. Rh6+ Kf5 46. Rxc6 Ke4 47.
Kg4 Kd3 48. h5 Ke2 49. h6 Kf1 50. h7 Kg2 51. h8=Q Kxf2 52. Qf6+ Kg2 53. Qf3+ Kh2
54. Rh6+ Kg1 55. Rh1# 1-0

[Event "Titled Tue 17th Jun Late"]
[Site "chess.com INT"]
[Date "2025.06.17"]
[Round "5"]
[White "Amarasinghe, A A C B"]
[Black "El Jawich, Amro"]
[Result "0-1"]
[WhiteTitle "CM"]
[BlackTitle "FM"]
[WhiteElo "1922"]
[BlackElo "2307"]
[WhiteFideId "9901809"]
[BlackFideId "5300380"]
[EventDate "2025.06.17"]

1. d4 g6 2. c4 Bg7 3. Nc3 d6 4. e4 e5 5. Be3 exd4 6. Bxd4 Nf6 7. f3 Nc6 8. Be3
O-O 9. Nge2 Nd7 10. Qd2 Nce5 11. Ng3 Nc5 12. O-O-O Be6 13. b3 Qe8 14. Bh6 a5 15.
h4 a4 16. b4 Na6 17. Nd5 Bxd5 18. cxd5 Bxh6 19. Qxh6 Nxb4 20. h5 f6 21. Qd2 Na6
22. hxg6 Nxg6 23. Nf5 Qe5 24. Nd4 Qf4 25. Ne6 Qxd2+ 26. Rxd2 Rf7 27. g4 Ne5 28.
Be2 Nc5 29. f4 Ned7 30. g5 Nxe4 31. Rd4 f5 32. Bh5 Re7 33. g6 hxg6 34. Bxg6 Ndc5
35. Bxf5 Nxe6 36. Bxe6+ Kg7 37. Rxe4 Kf6 38. Rh6+ Kg7 39. Rh5 Rh8 40. Rxh8 Kxh8
41. f5 Kg7 0-1

[Event "Titled Tue 17th Jun Late"]
[Site "chess.com INT"]
[Date "2025.06.17"]
[Round "5"]
[White "Sheehan, Ethan"]
[Black "Atoyan, Alberto"]
[Result "0-1"]
[BlackTitle "CM"]
[WhiteElo "2364"]
[BlackElo "2266"]
[WhiteFideId "30943965"]
[BlackFideId "13314831"]
[EventDate "2025.06.17"]

1. d4 Nf6 2. Nf3 d5 3. Bf4 c5 4. e3 Nc6 5. Nbd2 cxd4 6. exd4 Bg4 7. c3 e6 8. Qb3
Qc8 9. Bd3 Be7 10. O-O O-O 11. Rae1 a6 12. a4 Bh5 13. Ne5 Nxe5 14. Bxe5 Bg6 15.
Bxg6 hxg6 16. Bxf6 Bxf6 17. f4 b5 18. axb5 axb5 19. Nf3 Qc4 20. Qc2 b4 21. Re3
bxc3 22. bxc3 Ra2 23. Qd3 Qxd3 24. Rxd3 Rc8 25. Rc1 Bd8 26. Rd2 Rxd2 27. Nxd2 g5
28. f5 exf5 29. Kf2 Ba5 30. Nb1 Rb8 31. Ke2 Rb2+ 32. Nd2 g6 33. Kd3 g4 34. Re1
Bc7 35. g3 f4 36. gxf4 Bxf4 37. Nf1 Bxh2 38. Ne3 g3 39. Re2 Rb5 40. Nf1 f5 41.
Nxh2 gxh2 42. Rxh2 Kg7 43. Re2 Kf6 44. Re5 g5 45. Kc2 g4 46. c4 Rb4 47. Rxd5
Rxc4+ 48. Kd3 Rc1 49. Rd8 Kg5 50. Rg8+ Kf4 51. d5 Rd1+ 52. Kc4 g3 53. Kc5 Kf3
54. d6 f4 55. Kc6 g2 56. d7 Kf2 57. Kc7 g1=Q 0-1

[Event "Titled Tue 17th Jun Late"]
[Site "chess.com INT"]
[Date "2025.06.17"]
[Round "5"]
[White "Aalto, Patrik"]
[Black "Akopyan, Harutyun"]
[Result "0-1"]
[WhiteTitle "FM"]
[BlackTitle "FM"]
[WhiteElo "2316"]
[BlackElo "2240"]
[WhiteFideId "510726"]
[BlackFideId "2012014"]
[EventDate "2025.06.17"]

1. c4 Nf6 2. Nf3 e6 3. g3 b6 4. Bg2 Bb7 5. O-O d5 6. cxd5 exd5 7. d4 Be7 8. Nc3
O-O 9. Bf4 Ne4 10. Rc1 c5 11. dxc5 bxc5 12. Nxe4 dxe4 13. Qxd8 Rxd8 14. Nd2 g5
15. Be3 f5 16. Nb3 Na6 17. Nxc5 Nxc5 18. Bxc5 Bf6 19. Rc2 Rac8 20. b4 a5 21. a3
Bd5 22. f3 Bb3 23. Rcc1 axb4 24. Bxb4 Bd4+ 25. Kh1 exf3 26. Bxf3 Be3 27. Rxc8
Rxc8 28. Bb7 Rc2 29. Rxf5 Rxe2 30. Bd5+ Bxd5+ 31. Rxd5 Ra2 32. Rd3 Bc1 33. g4
Kf7 34. Bd6 Kg6 35. Bb4 Bf4 36. h3 Rh2+ 37. Kg1 Ra2 38. Kf1 h5 39. Kg1 hxg4 40.
hxg4 Kf6 41. Kf1 Ke5 42. Rc3 Ke4 43. Rb3 Be3 44. Ke1 Kf3 45. Kd1 Kf4 0-1

[Event "Titled Tue 17th Jun Late"]
[Site "chess.com INT"]
[Date "2025.06.17"]
[Round "5"]
[White "Diaz Guerrero, Jesus Daniel"]
[Black "Molinaroli, Martin"]
[Result "1-0"]
[WhiteTitle "CM"]
[BlackTitle "FM"]
[WhiteElo "2076"]
[BlackElo "2157"]
[WhiteFideId "3979288"]
[BlackFideId "4606604"]
[EventDate "2025.06.17"]

1. e4 b6 2. d4 Bb7 3. Bd3 Nf6 4. Qe2 e6 5. Nd2 d5 6. e5 Nfd7 7. c3 c5 8. f4 Nc6
9. Ngf3 cxd4 10. cxd4 Nb4 11. O-O Nxd3 12. Qxd3 g6 13. b3 Be7 14. Bb2 O-O 15.
Rac1 a5 16. Rf2 Ba6 17. Qe3 Rc8 18. Rxc8 Qxc8 19. Nf1 Qc6 20. h4 h5 21. Ng3 Rc8
22. Ng5 Nf8 23. Qf3 Qd7 24. Kh2 Bxg5 25. fxg5 Rc7 26. Ba3 Nh7 27. Bd6 Rc6 28.
Qf4 b5 29. a3 Qb7 30. b4 a4 31. Bc5 Qd7 32. Rf3 Bc8 33. Ne2 Qe8 34. g4 hxg4 35.
Qxg4 Qd8 36. Ng3 Bd7 37. Ne2 Be8 38. Nf4 Rc7 39. Nh3 Rd7 40. Rg3 Kh8 41. Nf4 Qc8
42. h5 gxh5 43. Qxh5 f6 44. g6 fxe5 45. Qxe5+ 1-0

[Event "Titled Tue 17th Jun Late"]
[Site "chess.com INT"]
[Date "2025.06.17"]
[Round "5"]
[White "Fathy, Elameir"]
[Black "Klepek, Witold"]
[Result "0-1"]
[WhiteTitle "FM"]
[BlackTitle "CM"]
[WhiteElo "2300"]
[BlackElo "2253"]
[WhiteFideId "10600396"]
[BlackFideId "1175068"]
[EventDate "2025.06.17"]

1. d4 Nf6 2. Bg5 c5 3. dxc5 Qa5+ 4. Qd2 Qxc5 5. Nc3 d6 6. e4 Nc6 7. Bxf6 gxf6 8.
Nd5 Kd8 9. O-O-O Be6 10. Kb1 Bxd5 11. exd5 Ne5 12. f4 Nd7 13. Nf3 Rc8 14. g3 Nb6
15. Bh3 Rc7 16. Bf1 f5 17. Nh4 Bg7 18. Nxf5 Bf6 19. Be2 Na4 20. c3 b5 21. Nd4 b4
22. cxb4 Qxd5 23. Bf3 Qxd4 24. Qxd4 Bxd4 25. Rxd4 Kd7 26. Rhd1 Rhc8 27. Bg4+ e6
28. Rxd6+ Ke7 29. Be2 Rc2 30. R6d2 R2c7 31. Bb5 Nb6 32. a3 h5 33. h3 Rg8 34. Rd3
Nd5 35. Ba4 h4 36. Bb3 Rxg3 37. Bxd5 exd5 38. Rxg3 hxg3 39. Rg1 Rc4 40. Rxg3
Rxf4 41. Rg5 Kd6 42. Rh5 Rf2 43. a4 Rf4 44. a5 Rxb4 45. Rf5 Rb7 46. h4 Ke6 47.
Rf3 f5 48. Kc2 Ke5 49. Rf1 f4 50. Kc3 d4+ 51. Kc4 Rxb2 52. Rh1 Rb7 53. h5 Rh7
54. h6 f3 55. Kd3 Kf4 56. Kxd4 f2 57. Kd3 Kf3 58. Rf1 Kg2 59. Ke2 Re7+ 60. Kd2
Kxf1 61. h7 Rxh7 0-1

[Event "Titled Tue 17th Jun Late"]
[Site "chess.com INT"]
[Date "2025.06.17"]
[Round "5"]
[White "Shermuhammadov, Samandar"]
[Black "Lazavik, Denis"]
[Result "1-0"]
[WhiteTitle "FM"]
[BlackTitle "GM"]
[WhiteElo "2110"]
[BlackElo "2580"]
[WhiteFideId "14205602"]
[BlackFideId "13515110"]
[EventDate "2025.06.17"]

1. e4 c5 2. Nf3 d6 3. d4 cxd4 4. Qxd4 Nc6 5. Bb5 a6 6. Bxc6+ bxc6 7. c4 e5 8.
Qd3 Ne7 9. Nc3 Ng6 10. O-O Be7 11. b3 O-O 12. Ba3 Nf4 13. Qd2 Bg4 14. Ne1 f5 15.
f3 Bh5 16. exf5 d5 17. Bxe7 Qxe7 18. cxd5 cxd5 19. Nxd5 Qc5+ 20. Ne3 Rad8 21.
Qf2 Bf7 22. Ng4 Qc3 23. Rb1 h5 24. Ne3 Rd2 25. Nd1 Qb4 26. Qa7 Rfd8 27. Nf2 Ne2+
28. Kh1 Nc3 29. Rc1 Qb5 30. Ned3 R2xd3 31. Nxd3 Qxd3 32. Qc5 Nxa2 33. Rce1 Qxb3
34. Qxe5 Qb5 35. Qf4 Nc3 36. f6 Nd5 37. Qd2 gxf6 38. Qh6 Qd3 39. Rd1 Qg6 40. Qd2
Re8 41. Rde1 Rxe1 42. Rxe1 Kg7 43. Qa5 Qd3 44. Ra1 Nf4 45. Qxa6 Qd2 46. Qf1 Bc4
47. Qg1 h4 48. Rd1 Qb2 49. Rd4 Ne2 50. Rg4+ Kh8 51. Rxh4+ Kg7 52. Rg4+ Kh8 53.
Qe1 Bd5 54. Qh4# 1-0

[Event "Titled Tue 17th Jun Late"]
[Site "chess.com INT"]
[Date "2025.06.17"]
[Round "5"]
[White "Urbina Perez, Juan Antonio"]
[Black "Mayans Calvo, Mariano"]
[Result "1-0"]
[WhiteTitle "FM"]
[BlackTitle "CM"]
[WhiteElo "2221"]
[BlackElo "2101"]
[WhiteFideId "2217368"]
[BlackFideId "2251426"]
[EventDate "2025.06.17"]

1. e4 e6 2. d4 d5 3. Nc3 Nf6 4. Bg5 Be7 5. e5 Nfd7 6. Bxe7 Qxe7 7. Qg4 Kf8 8.
Bd3 c5 9. h4 cxd4 10. Nb5 Nxe5 11. Qxd4 Nbc6 12. Qe3 Qb4+ 13. c3 Qxb2 14. Rb1
Nxd3+ 15. Qxd3 Ne5 16. Qd1 Qxa2 17. Ne2 Bd7 18. Nbd4 Ba4 19. Nb3 Bxb3 20. Rxb3
Nd3+ 21. Kf1 Nc5 22. Rb5 Qc4 23. Rb4 Qd3 24. Qxd3 Nxd3 25. Rxb7 g6 26. Nd4 a5
27. g3 a4 28. Ke2 Nc5 29. Rc7 Ne4 30. Rb1 Nd6 31. Rb6 Rd8 32. Ra6 Nf5 33. Raa7
Nd6 34. Rxa4 e5 35. Nf3 Nc4 36. Raa7 Nd6 37. Ng5 h6 38. Nxf7 Nxf7 39. Rxf7+ Kg8
40. Rg7+ Kf8 41. Rxg6 Rg8 42. Rf6+ Ke8 43. Re6+ Kf8 44. Rxh6 Rg7 45. Rh8+ Rg8
46. Rhh7 Rg6 47. Rh8+ Rg8 48. Rxg8+ Kxg8 49. Re7 e4 50. Rc7 1-0

[Event "Titled Tue 17th Jun Late"]
[Site "chess.com INT"]
[Date "2025.06.17"]
[Round "5"]
[White "Estrada Nieto, Julian"]
[Black "Aslanov, Umid"]
[Result "0-1"]
[WhiteTitle "IM"]
[BlackTitle "FM"]
[WhiteElo "2181"]
[BlackElo "2298"]
[WhiteFideId "5101018"]
[BlackFideId "13412620"]
[EventDate "2025.06.17"]

1. e4 e5 2. Nf3 Nc6 3. Bb5 Nf6 4. O-O Nxe4 5. Re1 Nd6 6. Nxe5 Be7 7. Bf1 Nxe5 8.
Rxe5 O-O 9. d4 Bf6 10. Re1 Re8 11. Rxe8+ Qxe8 12. Bf4 Nf5 13. c3 c6 14. Bd3 d5
15. Nd2 Nh4 16. Bg3 Nf5 17. Bf4 Nh4 18. Nf3 Bg4 19. Be2 Qe4 20. Bg3 Re8 21. Bxh4
Qxe2 22. Qxe2 Rxe2 23. Bxf6 Bxf3 24. Bxg7 Kxg7 25. gxf3 Rxb2 26. a4 Rb3 27. Re1
Kf6 28. Re8 Rxc3 29. Rb8 Rb3 30. a5 a6 31. Kg2 Rb4 32. Kg3 Ke6 33. h4 Kf6 34. f4
Kf5 35. Rf8 f6 36. Rh8 Kg6 37. Rg8+ Kf7 38. Rh8 Kg7 39. Rb8 Rb5 40. Kg4 Rb4 41.
Kf5 Rxd4 42. Rxb7+ Kh6 43. Rb6 Ra4 44. Rxc6 Rxa5 45. Rxf6+ Kh5 46. Rf7 h6 47.
Ke6 d4 48. f5 d3 49. Rd7 Kxh4 50. f6 Ra4 51. Rxd3 Rf4 52. f7 Kg5 53. Rg3+ Kh4
54. Ke7 Rxf2 55. f8=Q Rxf8 56. Kxf8 Kxg3 57. Ke7 h5 58. Kd6 h4 59. Kc5 h3 60.
Kb6 h2 61. Kxa6 h1=Q 62. Ka5 Qb1 0-1

[Event "Titled Tue 17th Jun Late"]
[Site "chess.com INT"]
[Date "2025.06.17"]
[Round "5"]
[White "Maglioni, Leonardo"]
[Black "Garzon Zapatanga, Christopher Leonel"]
[Result "1-0"]
[BlackTitle "FM"]
[WhiteElo "2069"]
[BlackElo "2155"]
[WhiteFideId "2896830"]
[BlackFideId "3634787"]
[EventDate "2025.06.17"]

1. d4 Nf6 2. Bf4 g6 3. Nc3 d5 4. Qd2 Bg7 5. O-O-O h5 6. f3 b6 7. e4 dxe4 8. fxe4
Bb7 9. Bd3 O-O 10. Nf3 c5 11. d5 Nbd7 12. Bh6 Ng4 13. Bxg7 Kxg7 14. h3 Nge5 15.
Rdg1 Rc8 16. Bb5 Nxf3 17. gxf3 a6 18. Bxd7 Qxd7 19. Qg5 Kh7 20. Ne2 Rg8 21. Nf4
Qd6 22. e5 f6 23. exd6 fxg5 24. Rxg5 exd6 25. Re1 Rcf8 26. Re7+ Rg7 27. Rxg7+
Kxg7 28. Ne6+ Kf6 29. h4 Re8 30. Nf4 Re5 31. Rxg6+ Kf5 32. Rg7 Kxf4 33. Rxb7
Rxd5 34. Rxb6 Kxf3 35. Rxa6 Kg4 36. a4 Kxh4 37. a5 c4 38. Ra8 Kh3 39. a6 h4 40.
b4 cxb3 41. cxb3 Ra5 42. b4 Ra4 43. b5 Kh2 44. b6 h3 45. b7 Rc4+ 46. Kd2 Rb4 47.
b8=Q Rxb8 48. Rxb8 Kh1 49. a7 d5 50. a8=Q h2 51. Qxd5+ Kg1 52. Rg8+ Kf2 53. Qf5# 1-0

[Event "Titled Tue 17th Jun Late"]
[Site "chess.com INT"]
[Date "2025.06.17"]
[Round "5"]
[White "Khanbutaev, Artemii"]
[Black "Holinka, Henning"]
[Result "0-1"]
[BlackTitle "FM"]
[WhiteElo "2139"]
[BlackElo "2303"]
[WhiteFideId "55747175"]
[BlackFideId "12967084"]
[EventDate "2025.06.17"]

1. d4 d5 2. c4 e6 3. Nf3 Nf6 4. g3 Bd6 5. Bg2 Nc6 6. O-O O-O 7. c5 Be7 8. Nc3 b6
9. cxb6 cxb6 10. Ne5 Bb7 11. Bf4 Rc8 12. Rc1 a6 13. e3 Nd7 14. e4 Ndxe5 15. exd5
Ng6 16. dxc6 Bxc6 17. Bxc6 Rxc6 18. Be3 Qd6 19. d5 exd5 20. Nxd5 Rxc1 21. Nxe7+
Qxe7 22. Qxc1 Ne5 23. Qd1 Qb7 24. f3 Re8 25. Kg2 Nc4 26. Re1 Qe7 27. Bf2 Qxe1
28. Qxe1 Rxe1 29. Bxe1 Nxb2 30. Kf2 Nd3+ 31. Ke2 Nxe1 32. Kxe1 f5 33. Kd2 Kf7
34. Ke3 Ke6 35. Kd4 Kd6 36. h3 g6 37. h4 b5 38. a3 a5 39. Ke3 Ke5 40. Kd3 Kd5
41. g4 fxg4 42. fxg4 Ke5 43. h5 gxh5 44. gxh5 Kf5 45. Kd4 Kg5 46. Kc5 b4 47.
axb4 axb4 48. Kxb4 Kxh5 49. Kc4 Kg4 50. Kd3 Kg3 51. Ke2 Kg2 52. Ke3 h5 53. Kf4
h4 54. Kg4 h3 55. Kg5 h2 56. Kg4 h1=Q 57. Kg5 Qh3 58. Kf4 Qf3+ 59. Kg5 Kg3 60.
Kh6 Qf5 61. Kg7 Kf4 62. Kh6 Qg4 63. Kh7 Kf5 64. Kh8 Kf6 65. Kh7 Qg7# 0-1

[Event "Titled Tue 17th Jun Late"]
[Site "chess.com INT"]
[Date "2025.06.17"]
[Round "5"]
[White "Bacrot, Etienne"]
[Black "Goryachkina, Aleksandra"]
[Result "1-0"]
[WhiteTitle "GM"]
[BlackTitle "GM"]
[WhiteElo "2633"]
[BlackElo "2533"]
[WhiteFideId "605506"]
[BlackFideId "4147103"]
[EventDate "2025.06.17"]

1. e4 c6 2. Nf3 d5 3. d3 g6 4. Nbd2 Bg7 5. g3 e5 6. Bg2 Ne7 7. O-O O-O 8. c3 Nd7
9. Re1 dxe4 10. Nxe4 Qc7 11. d4 exd4 12. Bf4 Qb6 13. Bd6 Re8 14. Ned2 Qd8 15.
Qe2 Bf8 16. cxd4 Nf6 17. Be5 Ned5 18. Ng5 Bd7 19. Qc4 Bg7 20. Qb3 Qb6 21. Nc4
Qxb3 22. axb3 h6 23. Nf3 Bg4 24. h3 Bxf3 25. Bxf3 Re6 26. Kg2 h5 27. Na5 Re7 28.
Bd6 Rd7 29. Be5 Re7 30. Nc4 Nd7 31. Bxg7 Rxe1 32. Rxe1 Kxg7 33. Nd6 N7f6 34.
Nxb7 Rb8 35. Na5 Rb6 36. Rc1 Nb4 37. Rc4 Nfd5 38. Nxc6 Nxc6 39. Bxd5 Na5 40. Rc5
Nxb3 41. Rc7 Nxd4 42. Rxf7+ Kh6 43. Rxa7 Rxb2 44. h4 Nf5 45. Bg8 Ng7 46. Re7 Rc2
47. Rb7 Rd2 48. Bf7 Rc2 49. Rb6 Rd2 50. Bxg6 1-0

[Event "Titled Tue 17th Jun Late"]
[Site "chess.com INT"]
[Date "2025.06.17"]
[Round "5"]
[White "Shafer, Logan C"]
[Black "Leiva, Gianmarco"]
[Result "0-1"]
[WhiteTitle "CM"]
[BlackTitle "IM"]
[WhiteElo "2217"]
[BlackElo "2387"]
[WhiteFideId "30993342"]
[BlackFideId "3804399"]
[EventDate "2025.06.17"]

1. e4 c5 2. Nf3 d6 3. d4 cxd4 4. Nxd4 Nf6 5. Nc3 a6 6. Bg5 e6 7. f4 Qb6 8. Qd2
Qxb2 9. Rb1 Qa3 10. f5 Nc6 11. Nxc6 bxc6 12. fxe6 fxe6 13. Be2 Be7 14. O-O O-O
15. Rb3 Qa5 16. Nd5 Qxd2 17. Nxe7+ Kf7 18. Bxd2 Kxe7 19. e5 Nd7 20. Bg5+ Ke8 21.
exd6 Nf6 22. Bxf6 Rxf6 23. Rxf6 gxf6 24. Bf3 Bd7 25. c4 e5 26. c5 f5 27. Bh5+
Kf8 28. Rb7 Rd8 29. a4 Kg7 30. a5 Kf6 31. Ra7 Ke6 32. g4 f4 33. g5 Kd5 34. Rxa6
Kxc5 35. Rb6 Ra8 36. Rb7 Kxd6 37. Bf3 Rxa5 38. h4 Ra3 39. Kg2 Re3 40. Rb4 Bf5
41. h5 e4 42. Bd1 Rg3+ 43. Kf2 Rxg5 44. h6 Rg6 45. Rd4+ Ke5 46. Rc4 Rxh6 47.
Rc5+ Kf6 48. Rxc6+ Kg5 49. Rc7 Rh2+ 50. Kf1 Rh1+ 51. Ke2 Bg4+ 52. Kf2 e3+ 53.
Kg2 Rxd1 54. Kh2 Rd2+ 55. Kg1 Bf3 56. Rg7+ Kf6 57. Ra7 Rd1+ 0-1

[Event "Titled Tue 17th Jun Late"]
[Site "chess.com INT"]
[Date "2025.06.17"]
[Round "5"]
[White "Deng, Henry"]
[Black "Ernst, Luca"]
[Result "1-0"]
[WhiteTitle "FM"]
[BlackTitle "FM"]
[WhiteElo "2327"]
[BlackElo "2215"]
[WhiteFideId "30965454"]
[BlackFideId "45117055"]
[EventDate "2025.06.17"]

1. e4 e5 2. Nf3 Nc6 3. Bc4 Nf6 4. d4 exd4 5. e5 d5 6. Bb5 Nd7 7. O-O a6 8. Bxc6
bxc6 9. Nxd4 Nb8 10. Nc3 Be7 11. Qf3 O-O 12. Re1 Be6 13. Nf5 Bg5 14. Qg3 Bxf5
15. Bxg5 Qd7 16. Rac1 Qe6 17. Ne2 Nd7 18. Nf4 Qe8 19. h4 Nc5 20. f3 Ne6 21. Bf6
Bg6 22. h5 Nxf4 23. Qxf4 Bxh5 24. c4 Bg6 25. Bh4 dxc4 26. Rxc4 Rb8 27. b3 Rb5
28. Rd1 Qxe5 29. Qd2 Rd5 30. Qc1 Rxd1+ 31. Qxd1 Qe3+ 32. Bf2 Qe6 33. Qc1 Rc8 34.
Rxc6 Qd7 35. Rxa6 h6 36. Ra5 Re8 37. Rc5 Re7 38. Bh4 Re2 39. Rc4 Qe6 40. Qf4
Rxa2 41. Rxc7 Qe2 42. Qg4 Qd1+ 43. Kh2 Qd6+ 44. Bg3 Qe6 45. Qxe6 fxe6 46. Be5
Bf7 47. Rc8+ Kh7 48. Rc7 Kg6 49. b4 Kf5 50. Bxg7 1-0

[Event "Titled Tue 17th Jun Late"]
[Site "chess.com INT"]
[Date "2025.06.17"]
[Round "5"]
[White "Arakelyan, Manvel"]
[Black "Sharankov, Grigory"]
[Result "0-1"]
[WhiteTitle "FM"]
[BlackTitle "CM"]
[WhiteElo "2326"]
[BlackElo "2238"]
[WhiteFideId "13317415"]
[BlackFideId "4168356"]
[EventDate "2025.06.17"]

1. e4 e6 2. d4 d5 3. Nd2 c5 4. exd5 exd5 5. Bb5+ Nc6 6. Ngf3 cxd4 7. O-O Bd6 8.
Nb3 Ne7 9. Nbxd4 O-O 10. h3 a6 11. Bd3 Ng6 12. c3 Bc7 13. Re1 Qd6 14. Be3 Bd7
15. Qd2 Rad8 16. Rad1 Nce5 17. Nxe5 Nxe5 18. Bf4 Nf3+ 19. Nxf3 Qxf4 20. Qxf4
Bxf4 21. Bc2 Be6 22. Nd4 Rd6 23. Bb3 Rfd8 24. Re2 Kf8 25. Rde1 Bd7 26. g3 Bg5
27. Kg2 Bf6 28. Rd1 a5 29. a3 a4 30. Ba2 h5 31. Kh2 g6 32. Red2 Kg7 33. Nf3 Bc6
34. Nd4 Bd7 35. Re2 Kf8 36. Bb1 Re8 37. Rxe8+ Bxe8 38. Kg2 Rb6 39. Rd2 Bxd4 40.
cxd4 Bd7 41. h4 Ke7 42. Kf3 Kd6 43. Ke2 Rb3 44. Kd1 Bf5 45. Ba2 Rf3 46. Ke1 b5
47. Rd1 Be4 48. Rc1 Rd3 49. Rc5 Rxd4 50. Rxb5 Bf3 51. Rxd5+ Bxd5 52. Bxd5 Kxd5 0-1

[Event "Titled Tue 17th Jun Late"]
[Site "chess.com INT"]
[Date "2025.06.17"]
[Round "5"]
[White "Dudin, Gleb"]
[Black "Mizzi, Jack"]
[Result "0-1"]
[WhiteTitle "GM"]
[BlackTitle "CM"]
[WhiteElo "2574"]
[BlackElo "2107"]
[WhiteFideId "34184934"]
[BlackFideId "5602521"]
[EventDate "2025.06.17"]

1. e4 e5 2. Nf3 Nc6 3. Bb5 a6 4. Ba4 d6 5. O-O Bd7 6. Re1 Nge7 7. c4 Ng6 8. Nc3
Be7 9. Bxc6 bxc6 10. d4 exd4 11. Nxd4 O-O 12. h3 Bf6 13. Be3 Re8 14. Qc2 Qc8 15.
Kh2 Be5+ 16. Kg1 Bxh3 17. Nxc6 Nh4 18. Nxe5 Rxe5 19. f4 Rh5 20. Nd5 Kh8 21. f5
Bxg2 22. Bf2 Rg5 23. Bxh4 Bxe4+ 24. Bxg5 Bxc2 25. Ne7 Qd7 26. Re3 Bxf5 27. Rf1
Be6 28. Rg3 Re8 29. Nd5 Bxd5 30. cxd5 h6 31. Bd2 Re2 32. Bc3 f6 33. Rf4 Qf7 34.
Rfg4 Qxd5 35. Rf4 Qd1+ 36. Rf1 Qd5 37. Rxf6 Re5 38. Bxe5 Qxe5 39. Rff3 Qxb2 40.
Rf2 Qa1+ 41. Kg2 Qe5 42. Kh3 d5 43. Kg2 d4 44. Kh2 c5 45. Rf7 c4 46. Rd7 d3 47.
Kg2 Qe2+ 48. Kg1 Qe1+ 49. Kg2 Qe2+ 50. Kg1 d2 51. Rdxg7 d1=Q# 0-1

[Event "Titled Tue 17th Jun Late"]
[Site "chess.com INT"]
[Date "2025.06.17"]
[Round "5"]
[White "Smieszek, Wojciech"]
[Black "Kadam, Om Manish"]
[Result "1-0"]
[WhiteTitle "CM"]
[BlackTitle "FM"]
[WhiteElo "2141"]
[BlackElo "2321"]
[WhiteFideId "1156047"]
[BlackFideId "45076294"]
[EventDate "2025.06.17"]

1. e4 c6 2. d4 g6 3. Nc3 d5 4. e5 Bg7 5. h4 h5 6. Bg5 Nh6 7. Qd2 Bf5 8. Nge2 Nd7
9. Ng3 Qb6 10. O-O-O e6 11. f3 c5 12. Nb5 cxd4 13. Nd6+ Kf8 14. Ngxf5 Nxf5 15.
f4 Nxd6 16. exd6 Qxd6 17. Bd3 f6 18. Rhf1 fxg5 19. fxg5+ Ke7 20. Bxg6 Ne5 21.
Qxd4 Rag8 22. Qxa7 Qc6 23. Qa3+ Kd7 24. Bd3 Ra8 25. Qb3 Nxd3+ 26. Qxd3 Rhf8 27.
Qh7 Rg8 28. Rf7+ Kd6 29. Rxg7 Rxg7 30. Qxg7 Rxa2 31. Qf8+ Kc7 32. Rf1 Ra1+ 33.
Kd2 Rxf1 34. Qxf1 Qd7 35. Qf4+ Kc6 36. Qe5 Qf7 37. Qf6 Qxf6 38. gxf6 Kd6 39. Ke3
e5 40. Kf3 Ke6 41. g4 e4+ 42. Kf4 hxg4 43. Kxg4 Kxf6 44. Kf4 b5 45. c3 Kg6 46.
b3 Kh5 47. c4 1-0

[Event "Titled Tue 17th Jun Late"]
[Site "chess.com INT"]
[Date "2025.06.17"]
[Round "5"]
[White "Mika, Tomasz"]
[Black "Davtyan, Artur"]
[Result "0-1"]
[WhiteTitle "CM"]
[BlackTitle "IM"]
[WhiteElo "2227"]
[BlackElo "2472"]
[WhiteFideId "1132970"]
[BlackFideId "13308327"]
[EventDate "2025.06.17"]

1. e4 e5 2. Nf3 Nc6 3. Bc4 Nf6 4. Ng5 d5 5. exd5 Na5 6. Bb5+ c6 7. dxc6 bxc6 8.
Bd3 Nd5 9. Nf3 Bd6 10. O-O O-O 11. Re1 f5 12. Nxe5 Qf6 13. Nf3 g5 14. c4 Nf4 15.
Bf1 g4 16. d4 gxf3 17. Qxf3 Ne6 18. c5 Bc7 19. Qc3 Nb7 20. Bc4 Kg7 21. b4 a5 22.
a3 axb4 23. axb4 Rxa1 24. Qxa1 Nf4 25. Bb2 Nd5 26. Nc3 Rd8 27. b5 Be6 28. bxc6
Na5 29. Nxd5 Bxd5 30. Bxd5 Rxd5 31. Bc3 Nxc6 32. Qa8 Kh6 33. g3 Rd8 34. Qb7 Ba5
35. Bxa5 Nxa5 36. Qb5 Nc6 37. Qb6 Rxd4 38. Qc7 Kg6 39. Qc8 Rd8 40. Qc7 Nd4 41.
Qf4 Ne6 42. Qf3 Nxc5 43. h4 Ne4 44. Rc1 Rd2 45. Qe3 Rxf2 46. h5+ Kxh5 47. g4+
Kxg4 48. Rc4 Qa1+ 0-1

[Event "Titled Tue 17th Jun Late"]
[Site "chess.com INT"]
[Date "2025.06.17"]
[Round "5"]
[White "Leenhouts, Koen"]
[Black "Lin, Bryan Enming"]
[Result "1-0"]
[WhiteTitle "GM"]
[BlackTitle "FM"]
[WhiteElo "2476"]
[BlackElo "2343"]
[WhiteFideId "1008439"]
[BlackFideId "30987121"]
[EventDate "2025.06.17"]

1. d4 Nf6 2. c4 g6 3. Nc3 Bg7 4. e4 d6 5. f4 O-O 6. Nf3 c5 7. d5 e6 8. Be2 exd5
9. cxd5 Nbd7 10. O-O Re8 11. Qc2 a6 12. a4 Qc7 13. Nd2 Rb8 14. Kh1 c4 15. Nxc4
b5 16. axb5 axb5 17. Na3 b4 18. Ncb5 Qxc2 19. Nxc2 Nxe4 20. Ncd4 Bb7 21. Nc6
Bxc6 22. dxc6 Ndc5 23. c7 Rbc8 24. Bc4 Ne6 25. f5 gxf5 26. Rxf5 Be5 27. Bh6 Re7
28. Re1 N4c5 29. Rg5+ Nxg5 30. Bxg5 Rexc7 31. Nxc7 Rxc7 32. b3 Kg7 33. g3 Ne6
34. Be3 Nd4 35. Rd1 Nf5 36. Bf2 Ne7 37. Be1 Nc6 38. Bd5 Bc3 39. Bf2 Na5 40. Kg2
Re7 41. Bb6 Nb7 42. Bxb7 Rxb7 43. Rxd6 Re7 44. Bd4+ f6 45. Kf3 Rb7 46. Ke4 Kg6
47. Rxf6+ Kg5 48. Rd6 Kg4 49. Kd3 Kh3 50. Rh6+ Kg2 51. Bxc3 bxc3 52. Kxc3 Rc7+
53. Kb2 Rb7 54. Rh4 Kf3 55. b4 Ke3 56. Kb3 Kd3 57. Rh5 Ra7 58. b5 Ra1 59. Kb4
Rb1+ 60. Kc5 Rc1+ 1-0